| 000 | 01347 a2200229 4500 | ||
|---|---|---|---|
| 001 | 32074 | ||
| 005 | 20260407155621.0 | ||
| 008 | 260407a1982 arg spa d | ||
| 003 | AR-UNSa-BCEJYS | ||
| 040 |
_aAR-UNSa-BCEJYS _bspa _cAR-UNSa-BCEJYS |
||
| 080 |
_a658.013 _xCuestiones psicológicas (Psicología de la organización) |
||
| 245 | 1 | 0 | _aPsicologia de la organización |
| 020 | _a968-880-056-2 | ||
| 264 | 1 |
_aMéxico : _bPearson Educación _c1982 |
|
| 300 |
_axiii, 252 p. _c23 cm. |
||
| 505 | _a1. El individuo y la organización - 2. Los problemas humanos en las organizaciones - 3. La naturaleza humana: ¿por qué es tan evasiva? - 4. Supuestos gerenciales sobre la naturaleza humana - 5. La motivación desde el punto de vista situacional y de desarrollo - 6. La complejidad de la naturaleza humana - 7. ¿Por qué es tan dificil hacer un análisis del liderazgo? - 8. Teorías sobre liderazgo y participación - 9. Estructura y función de los grupos - 10. Problemas intergrupales en las organizaciones - 11. La organización como un sistema abierto y complejo - 12. La organización como un sistema dinamico y en desarrollo - 13. Como aumentar al efectividad organizacional - | ||
| 041 | _aspa | ||
| 942 | _cBK | ||
| 590 | _aniveau_biblio:m niveau_hierar:0 | ||
| 100 | 1 | _aSchein, Edgar H. | |
| 700 | 1 | _aCruz Cardona, Víctor E. | |
| 999 |
_c2241 _d2241 |
||